000 00863cam a2200241 a 4500
001 000005948
005 20200929151845.0
008 791126s1978 sp 001 p spa
020 _a8400043553
040 _aDO-SdBNP
_cDLC
_dDLC
082 _a861.64
_bN318d
100 1 _aNavales, Ana Maria,
_d1939-2009.
_916753
245 1 0 _aDel fuego secreto /
_cAna María Navales.
260 _aZaragoza, España :
_bInstitución Fernando el Católico,
_c1978.
300 _a88 p. ;
_c25 cm.
490 1 _a"San Jorge"
_vvol. 17
490 1 _aPublicación de la Institución Fernando el Católico
_vno. 672
650 4 _aPoesía española
_9631
650 4 _aLiteratura española
_ySIGLO XXI
_94846
830 0 _a"San Jorge" ;
_vvol. 17.
_914363
830 0 _aPublicación de la Institución Fernando el Católico ;
_vno. 672.
_914666
910 _aCatalogación por copia / LC
999 _c5744
_d5744